Alle S-Bahnstationen der S-Bahn Nürnberg (VGN) 2022 - Statistiken

Allgemein
  • Dieses Quiz wurde 264 mal gespielt
    126 seit der letzten Aktualisierung
  • Das Durchschnittsergebnis liegt bei 60 aus 97
Antwortstatistiken
Antwort % Korrekt
Nürnberg Hauptbahnhof
96%
Nürnberg Hauptbahnhof
96%
Nürnberg Hauptbahnhof
96%
Nürnberg Hauptbahnhof
96%
Nürnberg Hauptbahnhof
96%
Nürnberg Hauptbahnhof
96%
Erlangen (Bahnhof)
90%
Fürth Hauptbahnhof
90%
Fürth Hauptbahnhof
90%
Roth
90%
Bamberg
89%
Nürnberg Stein
89%
Erlangen Bruck
88%
Ansbach
81%
Lauf (links der Pegnitz)
81%
Nürnberg Frankenstadion
81%
Nürnberg Steinbühl
81%
Nürnberg Steinbühl
81%
Altdorf (bei Nürnbrg)
80%
Forchheim
78%
Nürnberg Rothenburger Straße
78%
Neumarkt (in der Oberpfalz)
77%
Nürnberg Dürrenhof
77%
Nürnberg Dürrenhof
77%
Schwabach
77%
Feucht
75%
Feucht
75%
Hersbruck (links der Pegnitz)
74%
Neustadt (a. d. Aisch)
74%
Hartmannshof
73%
Nürnberg Gleißhammer
71%
Nürnberg Mögeldorf
71%
Fürth Klinikum
70%
Fürth Vach
70%
Allersberg (Rothsee)
69%
Nürnberg Dutzendteich
68%
Strullendorf
68%
Nürnberg Fischbach
67%
Nürnberg Laufamholz
66%
Dombühl
65%
Hirschaid
65%
Nürnberg Eibach
64%
Nürnberg Reichelsdorf
64%
Röthenbach (an der Pegnitz)
64%
Erlangen Eltersdorf
63%
Erlangen Paul-Gossen-Straße
62%
Nürnberg Reichelsdorfer Keller
62%
Nürnberg Rehhof
60%
Schwaig (bei Nürnberg)
60%
Nürnberg Ostring
58%
Roßtal
58%
Schwabach Limbach
58%
Nürnberg Katzwang
57%
Feucht Ost
56%
Nürnberg Schweinau
56%
Oberasbach
56%
Buttenheim
55%
Nürnberg Sandreuth
55%
Unterasbach
55%
Happurg
54%
Sachsen (bei Ansbach)
54%
Emskirchen
53%
Lauf West
53%
Pommelsbrunn
53%
Rednitzhembach
52%
Baiersdorf
51%
Fürth Unterfürberg
51%
Altdorf West
49%
Büchenbach
49%
Eggolsheim
49%
Heilsbronn
49%
Bubenreuth
48%
Burgthann
48%
Neustadt (a. d. Aisch) Mitte
48%
Ottensoos
48%
Postbauer-Heng
48%
Moosbach
47%
Röthenbach Seespitze
47%
Siegelsdorf
47%
Kersbach
45%
Ochenbruck
44%
Roßtal-Wegbrücke
44%
Mimberg
43%
Henfenfeld
42%
Ludersheim
42%
Winkelhaid
42%
Petersaurach Nord
41%
Röthenbach Steinberg
41%
Pölling
40%
Oberferrieden
37%
Hagenbuchach
36%
Puschendorf
36%
Anwanden
34%
Fürth Burgfarrnbach
33%
Leutershausen-Wiedersbach
33%
Raitersaich
26%
Wicklesgreuth
26%
Keine übereinstimmenden Quizze gefunden
Verteilung der Resultate
Anzahl Personen mit jedem Resultat
Perzentil nach korrekt beantworteten Fragen
Ihre Resultats-Entwicklung
Sie haben dieses Quiz seit der letzten Aktualisierung nicht gespielt